[Event "M.Chigorin Memorial 2013"]
[Site "St. Petersburg"]
[Date "2013.10.06"]
[Round "2.79"]
[White "Glazov, Anatoly"]
[Black "Emdin, Mark"]
[Result "0-1"]
[WhiteElo "1900"]
[BlackElo "2177"]
[PlyCount "120"]
[EventDate "2013.10.05"]

1. e4 e6 2. d4 d5 3. Nc3 Nf6 4. Bg5 Be7 5. e5 Nfd7 6. Bxe7 Qxe7 7. Bd3 a6 8. f4
c5 9. Qg4 f6 10. Nf3 Nc6 11. Bxh7 f5 12. Bg6+ Kd8 13. Qg3 cxd4 14. Ng5 Kc7 15.
Ne2 Nf8 16. Nf7 Rh4 17. h3 Bd7 18. O-O-O Nxg6 19. Qxg6 Be8 20. Qxg7 Bxf7 21.
Qg3 Bh5 22. Rhe1 Bxe2 23. Rxe2 Rh7 24. Qf3 Qh4 25. Rf1 Rg8 26. Qa3 Qe7 27. Qd3
Rhg7 28. Rff2 Rg3 29. Qd2 Qb4 30. Qd1 Kb8 31. Rd2 Qa5 32. a3 Qb6 33. b3 Qc5 34.
Kb2 Qc3+ 35. Ka2 a5 36. Rd3 Rxd3 37. Qxd3 Qxd3 38. cxd3 Rg3 39. Rd2 Ne7 40. Rf2
Rxd3 41. h4 Rg3 42. h5 Ng8 43. Kb2 Nh6 44. Kc2 Rg4 45. Kd3 Rh4 46. Kxd4 Rxh5
47. Kc5 Ng4 48. Rc2 Kc7 49. Kb5+ Kb8 50. Kxa5 Rh7 51. Kb6 d4 52. Rd2 Rd7 53. a4
d3 54. Kc5 Ne3 55. Kb6 Nf1 56. Rd1 d2 57. Rxf1 d1=Q 58. Rxd1 Rxd1 59. b4 Rd4
60. Kc5 Rd2 0-1

[Event "M.Chigorin Memorial 2013"]
[Site "St. Petersburg"]
[Date "2013.10.06"]
[Round "2.80"]
[White "Drachev, Oleg"]
[Black "Osipov, Vladimir N"]
[Result "1-0"]
[WhiteElo "2176"]
[BlackElo "1919"]
[PlyCount "126"]
[EventDate "2013.10.05"]

1. e4 c5 2. Nf3 Nc6 3. Nc3 d6 4. Bb5 a6 5. Bxc6+ bxc6 6. O-O Bg4 7. h3 Bh5 8.
Re1 e5 9. a3 Be7 10. b4 cxb4 11. axb4 Nf6 12. Qe2 Qc8 13. Qe3 O-O 14. Ne2 Ne8
15. Ng3 Bg6 16. d4 exd4 17. Nxd4 Bf6 18. Bb2 Qb7 19. Bc3 Rc8 20. Nb3 Bxc3 21.
Qxc3 Qb6 22. e5 dxe5 23. Nc5 Nf6 24. Rxa6 Nd5 25. Qxe5 Qxb4 26. Nd7 f6 27. Qe6+
Bf7 28. Qe4 Qxe4 29. Rxe4 Rfd8 30. Nb6 Nxb6 31. Rxb6 Rc7 32. Re3 g6 33. Ne4 Kg7
34. Nc5 Rd1+ 35. Kh2 Rd2 36. Na6 Rcd7 37. Rxc6 Rxf2 38. Rf3 Rxf3 39. gxf3 Rd2+
40. Kg3 g5 41. h4 h5 42. Nb4 gxh4+ 43. Kh3 Be8 44. Rc4 Rf2 45. Rc3 Kg6 46. Kxh4
Bd7 47. Kg3 Re2 48. Nd3 Kg5 49. Rc4 Re3 50. Kf2 Re8 51. Rd4 Re7 52. c4 h4 53.
c5 h3 54. Kg3 Rh7 55. Rd5+ f5 56. Nf2 Kf6 57. Nxh3 Ke6 58. Rd6+ Ke7 59. Nf4
Rg7+ 60. Kf2 Bb5 61. Ke3 Rg1 62. Nd5+ Kf7 63. Rf6+ Kg7 1-0

[Event "M.Chigorin Memorial 2013"]
[Site "St. Petersburg"]
[Date "2013.10.06"]
[Round "2.81"]
[White "Shpakovsky, Kirill"]
[Black "Kalinin, Nikita"]
[Result "0-1"]
[WhiteElo "1891"]
[BlackElo "2167"]
[PlyCount "84"]
[EventDate "2013.10.05"]

1. e4 c6 2. d4 d5 3. f3 e5 4. dxe5 Bc5 5. Bd3 Bxg1 6. Rxg1 dxe4 7. Bxe4 Qa5+ 8.
Nc3 Qxe5 9. Qe2 Nf6 10. Bd3 Nbd7 11. Bf4 Qxe2+ 12. Bxe2 O-O 13. O-O-O Re8 14.
Rge1 Nc5 15. Bd6 Ne6 16. f4 b6 17. f5 Ng5 18. Bd3 h6 19. h4 Rxe1 20. Rxe1 Ngh7
21. Re7 Bd7 22. Bc4 Bxf5 23. Bxf7+ Kh8 24. h5 Bg4 25. Re5 Ng5 26. Bg6 Bxh5 27.
Bxh5 Nxh5 28. Be7 Re8 29. g4 Nf7 30. Re4 Ng3 31. Re1 Nf1 32. Kd1 Nh2 33. Re4
Nxg4 34. Ke2 Nge5 35. Bh4 Nd6 36. Rd4 Ng6+ 37. Kf2 Rf8+ 38. Kg1 Nf5 39. Rd8
Nfxh4 40. Rxf8+ Nxf8 41. b4 Nf3+ 42. Kg2 Ne1+ 0-1

[Event "M.Chigorin Memorial 2013"]
[Site "St. Petersburg"]
[Date "2013.10.06"]
[Round "2.82"]
[White "Grigoryeva, Olga A"]
[Black "Sedykh, Egor"]
[Result "1/2-1/2"]
[WhiteElo "2166"]
[BlackElo "1899"]
[PlyCount "79"]
[EventDate "2013.10.05"]

1. c4 Nf6 2. Nc3 g6 3. g3 c5 4. Bg2 Bg7 5. d3 d6 6. e4 Nc6 7. f4 O-O 8. Nf3 Rb8
9. O-O a6 10. a4 Bg4 11. h3 Bxf3 12. Bxf3 Nd4 13. Bg2 Ne8 14. Bd2 Nc7 15. Rb1
b5 16. axb5 axb5 17. cxb5 Ncxb5 18. Kh2 Na7 19. Nd5 Nac6 20. f5 e6 21. Ne3 Ne5
22. Bc3 Qg5 23. Nc2 Nxc2 24. Qxc2 h5 25. f6 Bh6 26. Rbd1 h4 27. g4 Qe3 28. Bd2
Qg3+ 29. Kh1 Bxd2 30. Qxd2 Kh7 31. Qf2 Qxf2 32. Rxf2 Rb4 33. Bf1 Rfb8 34. Rdd2
Rd4 35. g5 Rb3 36. Rf4 Kg8 37. Rc2 Nxd3 38. Rxh4 Ne5 39. Rf4 Rb8 40. h4 1/2-1/2

[Event "M.Chigorin Memorial 2013"]
[Site "St. Petersburg"]
[Date "2013.10.06"]
[Round "2.83"]
[White "Aleksandrov, Grigoriy"]
[Black "Semenova, Elena"]
[Result "0-1"]
[WhiteElo "1890"]
[BlackElo "2163"]
[PlyCount "102"]
[EventDate "2013.10.05"]

1. d4 d5 2. c4 e6 3. Nc3 Nf6 4. cxd5 exd5 5. Bg5 Be7 6. Nf3 c6 7. Qc2 Nbd7 8.
e3 Nh5 9. Bxe7 Qxe7 10. Be2 g6 11. h3 Nb6 12. g4 Ng7 13. O-O-O Be6 14. Ne5
O-O-O 15. Kb1 f6 16. Nd3 Nc4 17. Nc5 Bf7 18. Qa4 Kb8 19. Qb4 Ka8 20. Bxc4 dxc4
21. N3a4 b6 22. Nxb6+ axb6 23. Qxb6 Rc8 24. Rc1 Qa7 25. Qxa7+ Kxa7 26. Rc3 Ra8
27. Ra3+ Kb6 28. Rxa8 Rxa8 29. Nd7+ Kb5 30. Nxf6 c3 31. Ne4 Bxa2+ 32. Kc2 cxb2
33. Kxb2 Bd5 34. Nc3+ Kc4 35. Nxd5 Kxd5 36. Rc1 Ne6 37. f4 Rb8+ 38. Ka3 Nc7 39.
Rc5+ Kd6 40. Re5 Re8 41. Rxe8 Nxe8 42. e4 Nc7 43. Kb4 Ne6 44. f5 Nxd4 45. h4
Ke5 46. fxg6 hxg6 47. h5 gxh5 48. gxh5 Ne6 49. h6 Kf6 50. Ka5 Kg6 51. Kb6 c5
0-1

[Event "M.Chigorin Memorial 2013"]
[Site "St. Petersburg"]
[Date "2013.10.06"]
[Round "2.84"]
[White "Aminov, Andrey"]
[Black "Zakharov, Yuri"]
[Result "1-0"]
[WhiteElo "2163"]
[BlackElo "1891"]
[PlyCount "79"]
[EventDate "2013.10.05"]

1. e4 d6 2. d4 Nf6 3. Bd3 Nc6 4. c3 e5 5. Nf3 g6 6. Nbd2 Bg7 7. O-O O-O 8. Re1
Nh5 9. Nb3 Bg4 10. Be3 a5 11. h3 Bxf3 12. Qxf3 a4 13. d5 Nb8 14. Nd2 Nd7 15. g3
Nc5 16. Bc2 Bf6 17. h4 Bg7 18. b4 axb3 19. axb3 Qe7 20. b4 Nd7 21. Qe2 c6 22.
dxc6 bxc6 23. Qc4 Rac8 24. Ra7 Nhf6 25. Qe2 Qe6 26. Bb3 Qh3 27. Qf3 d5 28. Rc1
dxe4 29. Nxe4 Nxe4 30. Qxe4 Nf6 31. Qg2 Qf5 32. Bc5 Rfd8 33. Rxf7 Kh8 34. Be3
Rf8 35. Rxf8+ Bxf8 36. Rd1 Ng4 37. Bb6 Rb8 38. Qxc6 Rc8 39. Qe6 Qxe6 40. Bxe6
1-0

[Event "M.Chigorin Memorial 2013"]
[Site "St. Petersburg"]
[Date "2013.10.06"]
[Round "2.85"]
[White "Mokshanov, Igor"]
[Black "Loginov, Anton"]
[Result "1/2-1/2"]
[WhiteElo "1888"]
[BlackElo "2156"]
[PlyCount "104"]
[EventDate "2013.10.05"]

1. e4 e5 2. Nf3 Nc6 3. Bb5 Nf6 4. d3 d6 5. O-O Be7 6. h3 O-O 7. c3 Bd7 8. Re1
Re8 9. Nbd2 Bf8 10. Nf1 h6 11. Ng3 g6 12. d4 Bg7 13. Ba4 Qe7 14. Bc2 Rad8 15.
d5 Nb8 16. Be3 c5 17. c4 b6 18. a3 Rc8 19. Bd3 Na6 20. Qd2 Qf8 21. b4 Nxe4 22.
Nxe4 f5 23. b5 Nb8 24. Qc2 fxe4 25. Bxe4 Bf5 26. Nh4 Bxe4 27. Qxe4 g5 28. Nf5
Nd7 29. Nxg7 Qxg7 30. a4 Nf6 31. Qf5 Rc7 32. Bd2 Rf7 33. Qd3 Nh5 34. a5 Nf4 35.
Qe4 Ref8 36. axb6 axb6 37. Ra6 Rb8 38. f3 h5 39. Rea1 h4 40. Ra8 Rff8 41. Rxb8
Rxb8 42. Bxf4 exf4 43. Qe6+ Kh8 44. Ra6 Qe5 45. Qh6+ Kg8 46. Kh2 Qe7 47. Qg6+
Kf8 48. Qh6+ Kg8 49. Qh5 Kg7 50. Ra1 Rh8 51. Qg4 Kf6 52. Ra6 Rb8 1/2-1/2

[Event "M.Chigorin Memorial 2013"]
[Site "St. Petersburg"]
[Date "2013.10.06"]
[Round "2.86"]
[White "Tkachev, Ivan"]
[Black "Mamyrbay, Assad"]
[Result "1-0"]
[WhiteElo "2156"]
[BlackElo "1888"]
[PlyCount "75"]
[EventDate "2013.10.05"]

1. d4 d5 2. c4 e6 3. Nf3 Nf6 4. e3 Be7 5. Bd3 O-O 6. O-O Nbd7 7. b3 b6 8. Nbd2
Bb7 9. cxd5 exd5 10. Bb2 c5 11. Rc1 Rc8 12. Ne5 Nxe5 13. dxe5 Ne4 14. Nxe4 dxe4
15. Bc4 Qc7 16. Qg4 Bc6 17. Rfd1 Kh8 18. a4 Qb7 19. Qh5 Bd8 20. Rd6 Bc7 21. Rh6
gxh6 22. Qxh6 Bxe5 23. Bxe5+ f6 24. Bxf6+ Rxf6 25. Qxf6+ Qg7 26. Qd6 Bd7 27.
Rd1 Bg4 28. Qd8+ Qf8 29. Qxf8+ Rxf8 30. Rd6 Kg7 31. h3 Bc8 32. Bd5 Re8 33. Rc6
Re5 34. Bc4 Bf5 35. Rc7+ Kf6 36. Rxa7 Re7 37. Ra6 Rb7 38. a5 1-0

[Event "M.Chigorin Memorial 2013"]
[Site "St. Petersburg"]
[Date "2013.10.06"]
[Round "2.87"]
[White "Nuritdinov, Nizomiddin"]
[Black "Pogosian, Vladimir"]
[Result "0-1"]
[WhiteElo "1882"]
[BlackElo "2150"]
[PlyCount "166"]
[EventDate "2013.10.05"]

1. d4 f5 2. c4 Nf6 3. Nc3 d6 4. Bg5 c6 5. Bxf6 exf6 6. e3 g6 7. Bd3 Qb6 8. Qb3
Qc7 9. Nge2 Be6 10. Nf4 Bf7 11. d5 Na6 12. Be2 Nc5 13. Qc2 Bh6 14. b4 Nd7 15.
Rc1 O-O 16. O-O Rac8 17. Qa4 g5 18. Ne6 Bxe6 19. dxe6 Ne5 20. Qc2 f4 21. Qf5
Qe7 22. exf4 gxf4 23. Rcd1 Rce8 24. Ne4 Qxe6 25. Nxd6 Qxf5 26. Nxf5 Bg7 27. c5
b5 28. Rd4 a5 29. Rxf4 Ng6 30. Bxb5 Nxf4 31. Bxc6 axb4 32. Bxe8 Rxe8 33. c6 Bf8
34. Rb1 Rc8 35. Nd4 Bc5 36. g3 Nd3 37. Rd1 Ne5 38. Nb3 Rxc6 39. Kg2 Bb6 40. Rd2
Kg7 41. h3 Rc3 42. Rd6 Bc5 43. Rd5 Be7 44. Nd4 Ra3 45. Nf5+ Kf7 46. Rb5 Rxa2
47. Rb7 Ng6 48. Nxe7 Nxe7 49. Rxb4 h5 50. Rb5 Kg6 51. g4 hxg4 52. hxg4 Nc6 53.
Rb3 Ne5 54. Kg3 Rd2 55. f4 Nf7 56. Kh4 Rd4 57. Kg3 Nd6 58. Kf3 Rd1 59. Ra3 Rf1+
60. Kg3 Ne4+ 61. Kh4 Rxf4 62. Kh3 Rf2 63. Re3 Ng5+ 64. Kg3 Ra2 65. Rb3 Nf7 66.
Kh3 Ne5 67. Kh4 Ra4 68. Re3 Rb4 69. Kh3 Kg5 70. Rc3 Nxg4 71. Ra3 Re4 72. Ra8
Re3+ 73. Kg2 f5 74. Rg8+ Kf4 75. Ra8 Re2+ 76. Kf1 Kf3 77. Ra3+ Ne3+ 78. Kg1 f4
79. Ra1 Kg3 80. Kh1 f3 81. Rg1+ Kh3 82. Ra1 Rh2+ 83. Kg1 f2# 0-1

[Event "M.Chigorin Memorial 2013"]
[Site "St. Petersburg"]
[Date "2013.10.06"]
[Round "2.88"]
[White "Kharmunova, Nadezhda"]
[Black "Gadzhiev, Farid"]
[Result "1-0"]
[WhiteElo "2148"]
[BlackElo "1887"]
[PlyCount "95"]
[EventDate "2013.10.05"]

1. e4 c5 2. Nf3 d6 3. d4 cxd4 4. Nxd4 Nf6 5. Nc3 a6 6. g3 e6 7. Bg2 Qc7 8. O-O
Be7 9. Be3 O-O 10. g4 Nc6 11. g5 Nd7 12. f4 Re8 13. Qe1 Nxd4 14. Bxd4 b5 15.
Rc1 b4 16. Nd1 e5 17. Be3 exf4 18. Bxf4 Qc5+ 19. Be3 Qb5 20. c4 Qb8 21. Qg3 Ne5
22. Bd4 Bf8 23. Ne3 Bb7 24. Nd5 Bxd5 25. exd5 Qd8 26. c5 Rc8 27. Bh3 Rc7 28. c6
Qb8 29. a3 Qb5 30. Qb3 a5 31. Bg2 Rb8 32. axb4 Qxb4 33. Qxb4 Rxb4 34. Bc3 Rb5
35. Ra1 Nc4 36. Rfe1 Re7 37. Bf1 Rc5 38. Rxe7 Bxe7 39. Bd4 Nb6 40. Bxc5 dxc5
41. c7 Bd6 42. Rxa5 Bxc7 43. Rxc5 Be5 44. Rc6 g6 45. d6 Bxb2 46. Kh1 Bd4 47. d7
Nxd7 48. Rd6 1-0

[Event "M.Chigorin Memorial 2013"]
[Site "St. Petersburg"]
[Date "2013.10.06"]
[Round "2.89"]
[White "Kunin, Pavel"]
[Black "Pyatin, Alexander"]
[Result "0-1"]
[WhiteElo "1880"]
[BlackElo "2146"]
[PlyCount "88"]
[EventDate "2013.10.05"]

1. e4 c5 2. Nf3 e6 3. d4 cxd4 4. Nxd4 a6 5. Nc3 Ne7 6. Be3 Nbc6 7. Nb3 Na5 8.
Na4 Nec6 9. Nb6 Rb8 10. Nxa5 Bb4+ 11. c3 Bxa5 12. Nc4 d5 13. exd5 exd5 14. Nxa5
Qxa5 15. Be2 Be6 16. Bd4 O-O 17. O-O b5 18. b4 Qc7 19. f4 Bf5 20. Bf3 Be4 21.
Bc5 Rfe8 22. Bxe4 dxe4 23. g3 Rbd8 24. Qc2 Qc8 25. f5 Rd5 26. f6 Qg4 27. Rf4
Qg6 28. Re1 gxf6 29. Rexe4 Ne5 30. Rg4 Qxg4 31. Rxg4+ Nxg4 32. h3 Re1+ 33. Kg2
Red1 34. Kf3 R1d2 35. Qe4 Ne5+ 36. Kf4 R2d3 37. Be3 f5 38. Qg2 Ng6+ 39. Kf3 Re5
40. Qe2 Rxc3 41. Qd2 Rcxe3+ 42. Qxe3 Rxe3+ 43. Kxe3 h5 44. h4 f4+ 0-1

[Event "M.Chigorin Memorial 2013"]
[Site "St. Petersburg"]
[Date "2013.10.06"]
[Round "2.90"]
[White "Kostrikina, Anna"]
[Black "Dyakov, Vladislav"]
[Result "1-0"]
[WhiteElo "2140"]
[BlackElo "1879"]
[PlyCount "65"]
[EventDate "2013.10.05"]

1. e4 c5 2. Nf3 Nc6 3. Bb5 g6 4. O-O Bg7 5. Re1 Nf6 6. e5 Nd5 7. Nc3 Nc7 8.
Bxc6 dxc6 9. Ne4 Ne6 10. d3 O-O 11. Be3 b6 12. Qd2 f5 13. exf6 exf6 14. Bh6 Nd4
15. Nxd4 cxd4 16. Bxg7 Kxg7 17. Qf4 c5 18. Nd6 Qd7 19. Re2 g5 20. Qe4 Rb8 21.
Qe7+ Kg8 22. Rae1 Ra8 23. Qe4 Qxd6 24. Qxa8 Bd7 25. Qxa7 Rf7 26. Qa8+ Kg7 27.
Qe4 h6 28. c3 dxc3 29. bxc3 Bb5 30. c4 Bd7 31. h4 b5 32. h5 f5 33. Qe5+ 1-0

[Event "M.Chigorin Memorial 2013"]
[Site "St. Petersburg"]
[Date "2013.10.06"]
[Round "2.91"]
[White "Reshetnikov, Ruslan"]
[Black "Shpartko, Grigory"]
[Result "1-0"]
[WhiteElo "1878"]
[BlackElo "2135"]
[PlyCount "119"]
[EventDate "2013.10.05"]

1. d4 e6 2. c4 Nf6 3. Nc3 c5 4. d5 exd5 5. cxd5 d6 6. Nf3 g6 7. Nd2 Bg7 8. Nc4
O-O 9. Bg5 Re8 10. e3 Qd7 11. a4 Ne4 12. Nxe4 Rxe4 13. Be2 Na6 14. O-O Nb4 15.
Bf4 b6 16. Nd2 Rxf4 17. exf4 Nxd5 18. Bb5 Qc7 19. Nc4 Bb7 20. a5 bxa5 21. Nxa5
Nxf4 22. Qa4 Bxg2 23. Qxf4 Bxf1 24. Bxf1 Bxb2 25. Ra2 Be5 26. Qf3 Re8 27. Nc6
Bxh2+ 28. Kg2 d5 29. Rxa7 Qf4 30. Qxf4 Bxf4 31. Ne7+ Kg7 32. Nxd5 Bd2 33. Rc7
Bb4 34. Bc4 Re4 35. Ne3 Rf4 36. Bd5 h5 37. Nc4 Rf5 38. Be4 Rf4 39. f3 g5 40.
Ne3 g4 41. Kg3 c4 42. Rxc4 Bd6 43. Kf2 Bb8 44. Nf5+ Kf6 45. Ng3 Ba7+ 46. Kf1
Kg5 47. Ra4 Bb6 48. Rb4 h4 49. Rb5+ Kh6 50. Rxb6+ Kg5 51. Rb5+ f5 52. Nxf5 gxf3
53. Ng3+ Kg4 54. Nh1 h3 55. Nf2+ Kh4 56. Rb8 h2 57. Rh8+ Kg5 58. Nh3+ Kg4 59.
Nxf4 Kxf4 60. Bxf3 1-0

[Event "M.Chigorin Memorial 2013"]
[Site "St. Petersburg"]
[Date "2013.10.06"]
[Round "2.92"]
[White "Klevets, Ksenia"]
[Black "Ustinov, Alexey"]
[Result "1/2-1/2"]
[WhiteElo "1872"]
[BlackElo "2125"]
[PlyCount "143"]
[EventDate "2013.10.05"]

1. e4 d5 2. exd5 Qxd5 3. Nc3 Qa5 4. d4 Nf6 5. Nf3 Bg4 6. h3 Bh5 7. g4 Bg6 8.
Ne5 e6 9. Nc4 Qa6 10. Bd2 Bb4 11. f3 Nbd7 12. Nb5 Bxd2+ 13. Qxd2 Nd5 14. Ncd6+
cxd6 15. Nc7+ Nxc7 16. Bxa6 Nxa6 17. c4 Rc8 18. b3 Kd8 19. Qa5+ Ke7 20. O-O-O
Nb6 21. Rd2 Kd7 22. f4 Be4 23. Re1 d5 24. c5 Rc7 25. Kb2 Nc8 26. Qb5+ Kd8 27.
c6 Nd6 28. Qa5 Kc8 29. Rc1 Kb8 30. cxb7 Rxc1 31. Kxc1 Nc7 32. Qc5 Rd8 33. Kb2
Na6 34. Qa5 Nc7 35. Rd1 Nxb7 36. Qb4 Rd6 37. Rc1 Kc8 38. Qc3 Rd7 39. Qc6 Bd3
40. Rc3 Bg6 41. b4 f6 42. Qxe6 Bf7 43. Qc6 Re7 44. a4 Kb8 45. Rc1 Be8 46. Qc2
Nd6 47. Qc5 Nc8 48. Kb3 Re3+ 49. Kb2 Re2+ 50. Kb3 Re3+ 51. Rc3 Rxc3+ 52. Qxc3
Nb6 53. b5 h5 54. Qc5 hxg4 55. hxg4 Bd7 56. Qf8+ Ne8 57. Kb4 Nc4 58. Qf7 Kc8
59. Qxd5 Nb6 60. Qc5+ Kb7 61. a5 Nc8 62. a6+ Kb8 63. Qd5 Ncd6 64. Ka5 Bxb5 65.
g5 Bxa6 66. gxf6 gxf6 67. Qe6 Bb5 68. d5 f5 69. Qe7 Bc4 70. Qd8+ Kb7 71. Qd7+
Kb8 72. Qd8+ 1/2-1/2

[Event "M.Chigorin Memorial 2013"]
[Site "St. Petersburg"]
[Date "2013.10.06"]
[Round "2.93"]
[White "Yudkevich, Mikhail"]
[Black "Golubeva, Maria"]
[Result "1-0"]
[WhiteElo "2121"]
[BlackElo "1864"]
[PlyCount "131"]
[EventDate "2013.10.05"]

1. f4 d5 2. Nf3 Nf6 3. e3 e6 4. b3 c5 5. Bb2 Nc6 6. Bb5 Bd7 7. Bxc6 Bxc6 8. Ne5
Be7 9. Nxc6 bxc6 10. d3 Qb6 11. c4 a5 12. O-O a4 13. Nd2 O-O 14. Qe2 Rfd8 15.
Rab1 axb3 16. axb3 Ra2 17. Rfd1 Qb4 18. e4 Rda8 19. e5 Nd7 20. Qe3 Nb6 21. Bc1
Ra1 22. Bb2 R1a2 23. Qe1 Na4 24. Ba1 Nc3 25. Bxc3 Qxc3 26. Nf3 Qxe1+ 27. Rxe1
R8a3 28. Kf1 Rc2 29. Re2 Rc3 30. Reb2 Rxd3 31. Ke2 Rc3 32. Nd2 d4 33. Rf1 Re3+
34. Kd1 Ra1+ 35. Nb1 h6 36. Re1 Rxe1+ 37. Kxe1 Kh7 38. Ke2 g5 39. g3 Kg6 40.
Kf3 gxf4 41. gxf4 Kf5 42. Nd2 f6 43. exf6 Bxf6 44. Ne4 Be7 45. Ng3+ Kg6 46. Ke4
Bf6 47. Kd3 Rc1 48. Ne4 Kf5 49. Nd6+ Kg4 50. Rg2+ Kf3 51. Rg6 Rc3+ 52. Kd2 Bh4
53. Rxh6 Bf2 54. Rh3+ Kxf4 55. Rxc3 dxc3+ 56. Kxc3 e5 57. Kd3 Bg1 58. h4 Bd4
59. h5 Kg5 60. Ke4 Kxh5 61. Nf7 Kg6 62. Nxe5+ Kf6 63. Nxc6 Bg1 64. Kd5 Be3 65.
Ne5 Ke7 66. Nd3 1-0

[Event "M.Chigorin Memorial 2013"]
[Site "St. Petersburg"]
[Date "2013.10.06"]
[Round "2.94"]
[White "Khatenever, Feliks"]
[Black "Androsov, Sergey"]
[Result "0-1"]
[WhiteElo "1837"]
[BlackElo "2114"]
[PlyCount "48"]
[EventDate "2013.10.05"]

1. d4 d5 2. Nf3 c6 3. e3 Nf6 4. Bd3 Bg4 5. b3 Nbd7 6. Bb2 e6 7. Nbd2 Bd6 8. h3
Bh5 9. O-O O-O 10. e4 dxe4 11. Nxe4 Nxe4 12. Bxe4 Nf6 13. Bd3 Nd5 14. Bc1 c5
15. g4 Bg6 16. dxc5 Bxc5 17. Qe1 Qf6 18. Ne5 Bd4 19. Nxg6 hxg6 20. Rb1 Nc3 21.
Ba3 Rfd8 22. Be4 Qf4 23. Bc1 Qxe4 24. Qxe4 Nxe4 0-1

[Event "M.Chigorin Memorial 2013"]
[Site "St. Petersburg"]
[Date "2013.10.06"]
[Round "2.95"]
[White "Grachev, Andrey"]
[Black "Jourde, Michel"]
[Result "1-0"]
[WhiteElo "2110"]
[BlackElo "1849"]
[PlyCount "127"]
[EventDate "2013.10.05"]

1. e4 d5 2. exd5 Qxd5 3. Nc3 Qd8 4. d4 Nf6 5. Nf3 Bg4 6. h3 Bf5 7. Bc4 c6 8.
Ne5 e6 9. g4 Be4 10. Nxe4 Nxe4 11. Qe2 Qxd4 12. Nf3 Bb4+ 13. Kf1 Qxf2+ 14. Qxf2
Nxf2 15. Kxf2 Nd7 16. Be3 O-O-O 17. Rad1 Bc5 18. Bxc5 Nxc5 19. Ne5 Rhf8 20. Ke3
f6 21. Nd3 Nxd3 22. Rxd3 Rde8 23. Kd2 Kc7 24. a4 g6 25. Re1 e5 26. Rf3 f5 27.
gxf5 gxf5 28. Rg3 Re7 29. Reg1 Rd8+ 30. Ke2 Rd4 31. b3 Re4+ 32. Kd2 Rd4+ 33.
Kc3 Rdd7 34. Rg5 f4 35. Re1 e4 36. Rg4 b5 37. axb5 cxb5 38. Bxb5 Rd5 39. Bd3
Rde5 40. Rxf4 exd3 41. Rxe5 Rxe5 42. Kxd3 Rh5 43. c4 a5 44. Re4 Rf5 45. Kd4 Kd6
46. Re8 Rf3 47. c5+ Kc6 48. Re6+ Kc7 49. Re3 Rf5 50. Kc4 Kc6 51. Re6+ Kd7 52.
Rd6+ Kc7 53. Rd5 Rf4+ 54. Rd4 Rf3 55. Rd3 Rf1 56. Kb5 Rc1 57. Rf3 Rc2 58. Rf7+
Kc8 59. Kc6 Kb8 60. Kb6 Kc8 61. c6 Kd8 62. Rd7+ Kc8 63. Rxh7 Kd8 64. Kb7 1-0

[Event "M.Chigorin Memorial 2013"]
[Site "St. Petersburg"]
[Date "2013.10.06"]
[Round "2.96"]
[White "Skafar, Darya"]
[Black "Belov, Nikita"]
[Result "0-1"]
[WhiteElo "1828"]
[BlackElo "2108"]
[PlyCount "76"]
[EventDate "2013.10.05"]

1. e4 e6 2. d4 d5 3. Nd2 a6 4. Ngf3 c5 5. exd5 exd5 6. Be2 Nc6 7. dxc5 Bxc5 8.
Nb3 Bb6 9. O-O Nge7 10. Bg5 O-O 11. Re1 Qd6 12. Bxe7 Nxe7 13. Nbd4 Nc6 14. h3
Bd7 15. Bf1 Rfe8 16. Qd2 Qf6 17. c3 Re4 18. Nxc6 bxc6 19. Qg5 Qxg5 20. Nxg5 Rf4
21. Nf3 Bxh3 22. gxh3 Rxf3 23. Re2 h5 24. Bg2 Rf5 25. Rd1 g5 26. Rd3 g4 27.
hxg4 hxg4 28. Rg3 Rf4 29. Kf1 f5 30. Ke1 Rd8 31. Rd3 Kf7 32. Rg3 Re8 33. f3 Bc7
34. Rxe8 Kxe8 35. Bh1 Ra4 36. Rg1 Rxa2 37. fxg4 Ra1+ 38. Kf2 Bb6+ 0-1

[Event "M.Chigorin Memorial 2013"]
[Site "St. Petersburg"]
[Date "2013.10.06"]
[Round "2.97"]
[White "Mikhaylov, Dimitri"]
[Black "Grinberg, Eyal"]
[Result "0-1"]
[WhiteElo "1819"]
[BlackElo "2087"]
[PlyCount "38"]
[EventDate "2013.10.05"]

1. b4 e5 2. Bb2 Bxb4 3. Bxe5 Nf6 4. c4 O-O 5. e3 d5 6. cxd5 Nxd5 7. Nf3 c5 8.
Be2 Nc6 9. Bb2 Bf5 10. O-O Qd6 11. d4 Rfd8 12. Nbd2 Nc3 13. Nc4 Qe6 14. Bxc3
Bxc3 15. Nce5 Nxe5 16. Nxe5 cxd4 17. Nxf7 Qxf7 18. Qa4 d3 19. Bd1 Bxa1 0-1

[Event "M.Chigorin Memorial 2013"]
[Site "St. Petersburg"]
[Date "2013.10.06"]
[Round "2.98"]
[White "Bykova, Anastasia"]
[Black "Krasnikov, Mikhail"]
[Result "1/2-1/2"]
[WhiteElo "2083"]
[BlackElo "1846"]
[PlyCount "140"]
[EventDate "2013.10.05"]

1. d4 Nf6 2. Nf3 d6 3. h3 a5 4. Bf4 c6 5. c3 g6 6. Nbd2 Bg7 7. e4 Nbd7 8. Be2
b5 9. a4 Ba6 10. O-O O-O 11. Re1 Re8 12. Bh2 e5 13. dxe5 dxe5 14. Qc2 Qc7 15.
Bf1 Nc5 16. axb5 cxb5 17. Nb3 a4 18. Nxc5 Qxc5 19. b3 Bb7 20. bxa4 bxa4 21.
Rxa4 Rxa4 22. Qxa4 Qxc3 23. Re3 Qc5 24. Qb5 Qxb5 25. Bxb5 Rd8 26. Bxe5 Rd1+ 27.
Re1 Rxe1+ 28. Nxe1 Nxe4 29. Bxg7 Kxg7 30. Bd3 Nd6 31. f3 Bc6 32. Kf2 Kf6 33.
Ke3 Ke5 34. g3 Nf5+ 35. Kf2 Bd7 36. h4 h5 37. Bxf5 Bxf5 38. Ke3 Kd5 39. Kf4 Ke6
40. Ng2 f6 41. Ne3 Bb1 42. Nd1 Bc2 43. Nc3 Kf7 44. Nb5 Kg7 45. Nd4 Ba4 46. Ne6+
Kh6 47. g4 hxg4 48. fxg4 Kh7 49. g5 fxg5+ 50. hxg5 Kg8 51. Ke5 Kf7 52. Nd8+ Ke7
53. Nb7 Kf7 54. Kd6 Bd1 55. Nd8+ Ke8 56. Nc6 Kf8 57. Ke6 Kg7 58. Ke7 Bc2 59.
Nd4 Bf5 60. Ne6+ Kg8 61. Kf6 Bb1 62. Nf4 Kh7 63. Kf7 Bc2 64. Ne6 Bb1 65. Nf8+
Kh8 66. Nxg6+ Kh7 67. Nf8+ Kh8 68. Ne6 Kh7 69. Kf6 Bc2 70. Nd4 Bb1 1/2-1/2

[Event "M.Chigorin Memorial 2013"]
[Site "St. Petersburg"]
[Date "2013.10.06"]
[Round "2.99"]
[White "Shilnikov, Igor S"]
[Black "Korchagina, Viktoria"]
[Result "0-1"]
[WhiteElo "1818"]
[BlackElo "2079"]
[PlyCount "110"]
[EventDate "2013.10.05"]

1. b3 Nf6 2. Bb2 g6 3. e3 Bg7 4. d3 d6 5. Be2 Nc6 6. a3 e5 7. Nd2 Be6 8. g4 Qe7
9. Bf3 d5 10. h4 h5 11. gxh5 Nxh5 12. Nh3 Bxh3 13. Rxh3 O-O-O 14. Bg2 Kb8 15.
Qe2 Bf6 16. c4 e4 17. d4 Nxd4 18. Bxd4 Bxd4 19. Ra2 dxc4 20. Qxc4 Bb6 21. Nxe4
f5 22. Nc3 Rd4 23. Qe2 Rxh4 24. Nd5 Qg5 25. Rxh4 Qxh4 26. Rc2 Nf6 27. Ne7 Qh7
28. Qf3 Ne4 29. Nd5 Qd7 30. Nxb6 axb6 31. Qe2 Rh2 32. Bf3 Rxf2 33. Qd1 Qxd1+
34. Bxd1 Rxc2 35. Bxc2 Kc8 36. Ke2 Kd7 37. Kf3 Nf6 38. Kf4 Nd5+ 39. Kf3 Ke6 40.
e4 Nc3 41. exf5+ gxf5 42. Kf4 Nd5+ 43. Kg5 Ne3 44. Bd3 Ke5 45. Be2 Ke4 46. Bh5
Nc2 47. a4 Nd4 48. b4 f4 49. Kf6 f3 50. Bg4 f2 51. Bh3 c5 52. Bg2+ Ke3 53. bxc5
bxc5 54. Bf1 Ne2 55. Ke5 c4 0-1

[Event "M.Chigorin Memorial 2013"]
[Site "St. Petersburg"]
[Date "2013.10.06"]
[Round "2.100"]
[White "Zherebtsova, Alexandra"]
[Black "Orel, Danil"]
[Result "1-0"]
[WhiteElo "2078"]
[BlackElo "1831"]
[PlyCount "65"]
[EventDate "2013.10.05"]

1. f4 d5 2. Nf3 g6 3. g3 Bg7 4. Bg2 c5 5. O-O Nc6 6. d3 Nf6 7. c3 O-O 8. Qe1
Qc7 9. Na3 a6 10. e4 e6 11. e5 Nd7 12. Bd2 Qb6 13. Rb1 Qc7 14. Nc2 b5 15. g4 a5
16. g5 Ba6 17. Ne3 b4 18. c4 dxc4 19. dxc4 Nd4 20. b3 Nxf3+ 21. Bxf3 Bb7 22.
Ng4 Rfd8 23. Be3 Bxf3 24. Rxf3 Nf8 25. Qh4 a4 26. Nf6+ Kh8 27. Rh3 Bxf6 28.
gxf6 h5 29. Qg5 Nh7 30. Rxh5 Rd2 31. Qh6 Rg2+ 32. Kxg2 Qc6+ 33. Kf2 1-0

[Event "M.Chigorin Memorial 2013"]
[Site "St. Petersburg"]
[Date "2013.10.06"]
[Round "2.101"]
[White "Gogin, Maksim"]
[Black "Blank, David"]
[Result "1-0"]
[WhiteElo "2075"]
[BlackElo "1818"]
[PlyCount "47"]
[EventDate "2013.10.05"]

1. d4 d5 2. Nf3 Nf6 3. e3 e6 4. Bd3 c5 5. b3 Nc6 6. Bb2 cxd4 7. exd4 Qc7 8. a3
Be7 9. Nbd2 b6 10. O-O O-O 11. Qe2 Bb7 12. c4 Ba6 13. Rac1 Rac8 14. Rfe1 Rfd8
15. Nf1 Na5 16. cxd5 Bxd3 17. Qxd3 Qd7 18. b4 Nb7 19. Rxc8 Rxc8 20. dxe6 fxe6
21. Ng5 Nd8 22. Qh3 Rc6 23. d5 exd5 24. Qxd7 1-0